Economic Development in India (Record no. 325)

MARC details
000 -LEADER
fixed length control field 00427nam a22001697a 4500
005 - DATE AND TIME OF LATEST TRANSACTION
control field 20180411145237.0
008 - FIXED-LENGTH DATA ELEMENTS--GENERAL INFORMATION
fixed length control field 160429b xxu||||| |||| 00| 0 eng d
020 ## - INTERNATIONAL STANDARD BOOK NUMBER
ISBN 817188434-2
041 ## - LANGUAGE CODE
Language code of text/sound track or separate title eng
082 ## - DEWEY DECIMAL CLASSIFICATION NUMBER
Item number 00950
Classification number 338.954
100 ## - MAIN ENTRY--AUTHOR NAME
Personal name Kapila Raj Kapila Uma.
245 ## - TITLE STATEMENT
Title Economic Development in India
260 ## - PUBLICATION, DISTRIBUTION, ETC. (IMPRINT)
Place of publication New Delhi
Name of publisher Academic Faundation
Year of publication 2004
300 ## - PHYSICAL DESCRIPTION
Number of Pages 255
650 ## - SUBJECT ADDED ENTRY--TOPICAL TERM
Topical Term Management
942 ## - ADDED ENTRY ELEMENTS (KOHA)
Koha item type Books
Holdings
Lost status Damaged status Collection code Home library Current library Shelving location Date acquired Cost, normal purchase price Full call number Accession Number Koha item type
    MANAGEMENT JRU Library JRU Library SHELF-58-G 29/04/2016 495.00 338.954 00950 Books
    MANAGEMENT JRU Library JRU Library SHELF-58-G 29/04/2016 495.00 338.954 00951 Books
    Reference JRU Library JRU Library SHELF-30-C 29/04/2016 495.00 338.954 00952 Books
    MANAGEMENT JRU Library JRU Library SHELF-58-F 29/04/2016 495.00 338.954 00953 Books